000 00425nam a22001697a 4500
005 20180720114305.0
008 160503b xxu||||| |||| 00| 0 eng d
020 _a81-219-2014-0
041 _aeng
082 _b1221
_a658.16
100 _aKhanka ,Dr.S.S.
_94587
245 _aOrganisational Behaviour :text and cases
260 _bS. Chand Company Ltd.
_c2002
300 _a559p,
650 _aManagement
_9241
942 _cBK
999 _c499
_d499